| 000 | 00852nas a2200289 4500 | ||
|---|---|---|---|
| 001 | BR8205185 | ||
| 003 | BR-BrBNA | ||
| 005 | 20231205085241.0 | ||
| 007 | ta | ||
| 008 | 230509b bl.|||p| |||| 00| 00por d | ||
| 040 |
_aBR-BrBNA _bpor _cBiblioteca Nacional de Agricultura |
||
| 041 | _a(Pt) | ||
| 072 | _aF00; Q30 | ||
| 100 | 1 | _aAmaral, A. dos S. | |
| 100 | 1 | _aBicca, L.H.F. | |
| 245 | 1 | _aArmazenamento de sementes de cebola em latas hermeticas [Rio Grande do Sul, Brasil] | |
| 650 | _aTECNOLOGIA DE ALIMENTO | ||
| 650 | _aCEBOLA | ||
| 650 | _aSEMENTE | ||
| 650 | _aGERMINACAO | ||
| 650 | _aEMBALAGEM | ||
| 650 | _aARMAZENAMENTO | ||
| 650 | _aRIO GRANDE DO SUL | ||
| 773 | 0 |
_tLavoura Arrozeira (Brazil) _xISSN 0023-9143 _g(Aug 1982), v. 35(337) p. 16-20 _wBR8205185 |
|
| 909 |
_a202311 _bLúcia _c55 _dLúcia Elande |
||
| 942 |
_2AGRIS _n0 _cANA |
||
| 999 |
_c110240 _d110240 |
||